000 00659nam a2200205Ii 4500
001 7526
003 CO-ViMGA
008 241108s9999||||xx |||||||||||||| ||und||
040 _aCO-ViMGA
_bspa
_erda
_cCO-ViMGA
041 0 _aunk
082 0 4 _a986.1076-F761
100 1 _aEduardo Fonseca Galán
_954242
245 1 0 _aLos combatientes del llano 1949-1953
264 1 _a[Lugar de publicación no identificado] : Universidad Inca, [Fecha de publicación no identificada]
300 _avolumen
336 _atext
_btxt
_2rdacontent
337 _aunmediated
_bn
_2rdamedia
338 _avolume
_bnc
_2rdacarrier
940 _aidficha_siabuc: 7353. -- ficha_no_siabuc:7526
999 _c51148
_d51148